Matematičeskije metody i intenzifikacija proizvodstva

Guardado en:
Detalles Bibliográficos
Formato: Libro
Lenguaje:ruso
Publicado: Kišinev Štiinca 1987
Edición:1. izd.
Etiquetas: Agregar Etiqueta
Sin Etiquetas, Sea el primero en etiquetar este registro!

MARC

LEADER 00000nam a2200000 4500
001 c033808
005 20221219131715.2
041 0 |a rus 
044 |a MD 
245 1 0 |a Matematičeskije metody i intenzifikacija proizvodstva 
250 |a 1. izd. 
264 1 |a Kišinev  |b Štiinca  |c 1987 
300 |a 81 s.